How to win customers

Salvato in:
Dettagli Bibliografici
Autore principale: Goldmann, Heinz M.
Natura: Libro
Pubblicazione: London : Staples press, c1957.
Edizione:Rev. ed.
Soggetti:
Tags: Aggiungi Tag
Nessun Tag, puoi essere il primo ad aggiungerne!!

MARC

LEADER 00000nam a2200000 4500
020 |a NA 
040 |a MUL  |b eng  |e AACR 
082 |a 658.85 GOL 
100 |a Goldmann, Heinz M. 
245 |a How to win customers  |c / Heinz M. Goldmann,  
250 |a Rev. ed.  |b A revised and enlarged edition of the art of salesmanship. 
260 |a London :  |b Staples press,  |c c1957. 
300 |a x, 306 p. :  |b ill. ;  |c 24 cm. 
546 |a eng. 
650 |a Salesmanship 
942 |c BK 
999 |c 2110  |d 2110